[Event "Ciao Italia 2"]
[Site "http://www.queenalice.com/game.php?id=298583"]
[Date "2007.11.5"]
[Round "-"]
[White "technicaldraw"]
[Black "JoeVanNee"]
[Result "1-0"]
[WhiteElo "2005"]
[BlackElo "1881"]

1. e4 e5 2. Nf3 d6 3. d4 Nc6 4. Bb5 Bd7 5. Nc3 exd4 6. Nxd4 Nxd4 7. Bxd7+ Qxd7
8. Qxd4 Ne7 9. Be3 f5 10. O-O-O Nc6 11. Qa4 Be7 12. exf5 Qxf5 13. Nd5 O-O 14.
Nxc7 Rac8 15. Nd5 Bg5 16. Qb3 Ne7 17. Nxe7+ Kh8 18. Nxf5 Rxf5 19. Bxg5 Rxg5 20.
Rxd6 1-0

[Event "Let's Play"]
[Site "http://www.queenalice.com/game.php?id=298811"]
[Date "2007.11.5"]
[Round "-"]
[White "kalindii"]
[Black "JoeVanNee"]
[Result "1-0"]
[WhiteElo "2014"]
[BlackElo "1675"]

1. e4 e5 2. Nf3 c5 3. Nc3 f6 4. Bc4 d6 5. d3 Nc6 6. Be3 Qa5 7. O-O Bg4 8. h3 Bd7
9. Nd5 Nge7 10. c3 Be6 11. Nxe7 Kxe7 12. Bxe6 Kxe6 13. Qb3+ Ke7 14. Qxb7+ Ke8
15. Qxa8+ Nd8 16. Qd5 Qc7 17. d4 a5 18. dxe5 fxe5 19. Bg5 h6 20. Bxd8 Qxd8 21.
Rad1 Be7 22. Rd3 g5 23. Rfd1 Rf8 24. Nxe5 g4 25. Ng6 Rf6 26. Nxe7 Kxe7 27. Qxc5
gxh3 28. e5 Re6 29. exd6+ Kd7 30. Rd5 h2+ 31. Kxh2 Qh4+ 32. Kg1 Qd8 33. Qb5+ Kc8
34. Rc5+ Qc7 35. Rxc7+ Kd8 36. Qb8# 1-0

[Event "Hi"]
[Site "http://www.queenalice.com/game.php?id=298821"]
[Date "2007.11.5"]
[Round "-"]
[White "JoeVanNee"]
[Black "gauderio"]
[Result "0-1"]
[WhiteElo "1812"]
[BlackElo "1960"]

1. d4 Nf6 2. Nc3 d5 3. Bf4 c6 4. Nf3 g6 5. Ne5 Bg7 6. e3 Nh5 7. g4 Nxf4 8. exf4
c5 9. Bb5+ Bd7 10. dxc5 Nc6 11. Qxd5 e6 12. Qd6 Bf8 13. Qd2 a6 14. Bd3 Bxc5 15.
a3 Qc7 16. O-O-O Nxe5 17. fxe5 O-O-O 18. f4 Bc6 19. Be4 Rxd2 20. Rxd2 Be3 21.
Rd1 Rd8 0-1

[Event "AUTO-OPEN-891"]
[Site "http://www.queenalice.com/game.php?id=299057"]
[Date "2007.11.6"]
[Round "1"]
[White "CJ"]
[Black "JoeVanNee"]
[Result "0-1"]
[WhiteElo "1472"]
[BlackElo "1795"]

1. e4 e5 2. Qh5 Nf6 3. Qxe5+ Be7 4. f3 Nc6 5. Qc3 d5 6. Bb5 Bd7 7. d3 Bb4 8. Bg5
Bxc3+ 9. Nxc3 Qc8 10. e5 Nxe5 11. Bxf6 O-O 12. Bxe5 c6 13. Ba4 b5 14. Bb3 Qe8
15. f4 d4 16. Ne4 Be6 17. Nd6 Qe7 18. Nf3 Rad8 19. O-O-O Bxb3 20. cxb3 f6 21.
Bxf6 Rxf6 22. Ne4 Rxf4 23. h4 c5 24. Nfg5 c4 25. g3 Rf5 26. bxc4 bxc4 27. dxc4
d3 28. b3 h6 29. g4 hxg5 30. gxf5 Qxe4 31. hxg5 d2+ 32. Kb2 Qxh1 33. Rxh1 d1=Q
34. Rxd1 Rxd1 35. a4 Rg1 36. c5 Rxg5 37. Kc3 Rxf5 38. Kb4 g5 39. Kb5 g4 40. b4
g3 41. Ka6 g2 42. Kxa7 g1=Q 43. a5 Rf6 44. a6 Qg7+ 45. Ka8 Rf8# 0-1

[Event "AUTO-OPEN-891"]
[Site "http://www.queenalice.com/game.php?id=299058"]
[Date "2007.11.6"]
[Round "1"]
[White "JoeVanNee"]
[Black "CJ"]
[Result "1-0"]
[WhiteElo "1787"]
[BlackElo "1479"]

1. e4 e5 2. Nf3 f6 3. Bc4 Ne7 4. Ng5 fxg5 5. Qf3 d5 6. Bxd5 Nxd5 7. exd5 Qf6 8.
Qe2 Bf5 9. d3 Bc5 10. Be3 Bb4+ 11. Nc3 Bxc3+ 12. bxc3 h6 13. d4 e4 14. c4 b6 15.
c3 Na6 16. Kd2 O-O-O 17. Rhc1 g4 18. c5 Rxd5 19. Qxa6+ Kd7 20. Qb7 Be6 21. a3 g3
22. hxg3 a5 23. f4 g5 24. Rab1 gxf4 25. Bxf4 Rc8 26. Rf1 Rxd4+ 27. Ke3 Rd3+ 28.
Kf2 e3+ 29. Ke2 Qxc3 30. c6+ Kd8 31. Bxc7+ Rxc7 32. Rf8+ Ke7 33. Qxc7+ Kxf8 34.
Rf1+ Ke8 35. Qb8+ Ke7 36. Qf8# 1-0

[Event "AUTO-OPEN-891"]
[Site "http://www.queenalice.com/game.php?id=299083"]
[Date "2007.11.6"]
[Round "1"]
[White "alexsoncini"]
[Black "JoeVanNee"]
[Result "1-0"]
[WhiteElo "2001"]
[BlackElo "1661"]

1. d4 Nf6 2. c4 e6 3. Nc3 d5 4. Bg5 Nbd7 5. e3 c6 6. Nf3 Bb4 7. a3 Bxc3+ 8. bxc3
Qa5 9. Qb3 b6 10. Bxf6 Nxf6 11. Ne5 Bd7 12. Bd3 b5 13. cxb5 c5 14. dxc5 Rb8 15.
Nxd7 Nxd7 16. Qb4 Qxb4 17. axb4 Ne5 18. Be2 O-O 19. f4 Nc4 20. Bxc4 dxc4 21.
Rxa7 Rxb5 22. Ke2 f5 23. Rd1 Rbb8 24. Rdd7 Rbd8 25. Rxg7+ Kh8 26. Rxh7+ Kg8 27.
Rag7# 1-0

[Event "AUTO-OPEN-891"]
[Site "http://www.queenalice.com/game.php?id=299084"]
[Date "2007.11.6"]
[Round "1"]
[White "JoeVanNee"]
[Black "alexsoncini"]
[Result "0-1"]
[WhiteElo "1662"]
[BlackElo "2030"]

1. e4 e5 2. Nc3 c6 3. Nf3 d6 4. d4 Nd7 5. d5 Ngf6 6. Be2 Be7 7. Ng5 a5 8. O-O
Nc5 9. Be3 h6 10. Nh3 Bxh3 11. gxh3 Nfxe4 12. Nxe4 Nxe4 13. f3 Ng5 14. f4 Nxh3+
15. Kh1 exf4 16. Bxf4 Nxf4 17. Rxf4 O-O 18. Bf3 c5 19. Bh5 Bf6 20. c3 Be5 21.
Rg4 f5 22. Rg2 Qh4 23. Qf3 Qe4 24. Qxe4 fxe4 25. Re1 Rf4 26. Rg4 Raf8 27. Rxf4
Rxf4 28. h3 Rf2 29. Re2 Rxe2 30. Bxe2 a4 31. h4 g5 32. h5 Kg7 33. a3 Bf4 34. Kg2
Bc1 35. Kf2 Bxb2 36. c4 Kf6 37. Bd1 Bxa3 38. Ke3 Ke5 39. Bc2 Bc1+ 40. Ke2 a3 41.
Bb1 Kd4 42. Kd1 Bf4 43. Ke2 Kxc4 44. Ba2+ Kc3 45. Bb1 Kb2 46. Bxe4 a2 0-1

[Event "=D"]
[Site "http://www.queenalice.com/game.php?id=302413"]
[Date "2007.11.12"]
[Round "-"]
[White "BrunoBr"]
[Black "JoeVanNee"]
[Result "1-0"]
[WhiteElo "1703"]
[BlackElo "1800"]

1. d4 b6 2. e4 d5 3. exd5 Qxd5 4. Nc3 Qa5 5. Bd2 Nc6 6. Nf3 Bg4 7. Nb5 Qxb5 8.
Bxb5 Bd7 9. d5 Nb8 10. Bxd7+ Nxd7 11. O-O Ngf6 12. c4 e5 13. Re1 Bd6 14. Bc3 e4
15. Qc2 O-O 16. Rxe4 Nxe4 17. Qxe4 f6 18. Qe6+ Rf7 19. Re1 Kf8 20. Qh3 h6 21.
Nd4 Kg8 22. Bd2 g5 23. Nf5 Ne5 24. Nxh6+ Kg7 25. Nxf7 Nxf7 26. f4 Kg6 27. fxg5
fxg5 28. Re6+ Kg7 29. Bc3+ Kf8 30. Rf6 Ke7 31. Qe6+ Kd8 32. Rxf7 Bc5+ 33. Kh1 c6
34. Qd7# 1-0

[Event "=D"]
[Site "http://www.queenalice.com/game.php?id=302414"]
[Date "2007.11.12"]
[Round "-"]
[White "JoeVanNee"]
[Black "BrunoBr"]
[Result "0-1"]
[WhiteElo "1769"]
[BlackElo "1723"]

1. e4 e6 2. d4 d5 3. e5 c5 4. Nf3 Nc6 5. Bb5 Ne7 6. O-O Nf5 7. Nc3 cxd4 8. Nxd4
Nxd4 9. Bxc6+ Nxc6 10. Be3 Nxe5 11. Qe2 Bd7 12. a3 Be7 13. b3 O-O 14. a4 Rc8 15.
Nb5 a6 16. Bd4 Nc6 17. Na7 Nxa7 18. Bxa7 Bf6 19. Be3 e5 20. a5 Bg5 21. Bb6 Qe7
22. Rab1 Bb5 23. c4 dxc4 24. Qe1 cxb3 25. f4 Bxf1 26. fxg5 Bb5 27. Rxb3 Qxg5 28.
Rg3 Rc1 29. Rxg5 Rxe1+ 30. Kf2 Re2+ 31. Kf3 f6 32. Rf5 Rc8 33. h4 Rc3+ 0-1

[Event "Let's Play Chess!"]
[Site "http://www.queenalice.com/game.php?id=302772"]
[Date "2007.11.12"]
[Round "-"]
[White "Marso"]
[Black "JoeVanNee"]
[Result "1-0"]
[WhiteElo "1582"]
[BlackElo "1681"]

1. e4 Nc6 2. d4 d5 3. e5 Bf5 4. Bb5 a6 5. Bxc6+ bxc6 6. Nf3 e6 7. O-O c5 8. c4
cxd4 9. Qa4+ Qd7 10. Qxd7+ Kxd7 11. Nxd4 Bc5 12. Nxf5 exf5 13. b3 a5 14. a4 c6
15. Nd2 Ke7 16. Bb2 Nh6 17. e6 fxe6 18. Bxg7 Ng4 19. Bxh8 Bxf2+ 20. Kh1 Rxh8 21.
h3 Bd4 22. hxg4 Bxa1 23. Rxa1 fxg4 24. g3 Kd6 25. Kg2 Rf8 26. Rh1 Rh8 27. Rh6
Kd7 28. Nf1 e5 29. Ne3 d4 30. Nxg4 e4 31. Nf6+ Kd6 32. Nxe4+ Kc7 33. Nc5 Kb6 34.
Nd3 Re8 35. Kf2 Kc7 36. Rxh7+ Kd6 37. Rh6+ Kd7 38. Rh4 Rf8+ 39. Kg2 c5 40. Nxc5+
Kd6 41. Rh5 Re8 42. Kf2 Re5 43. Rxe5 Kxe5 44. Kf3 Kf5 45. g4+ Kg5 46. Ne6+ 1-0

[Event "Let's GO!"]
[Site "http://www.queenalice.com/game.php?id=303936"]
[Date "2007.11.14"]
[Round "-"]
[White "JoeVanNee"]
[Black "pedrogarciass"]
[Result "1-0"]
[WhiteElo "1659"]
[BlackElo "1702"]

1. d4 d5 2. Nf3 Bg4 3. Bf4 Nc6 4. c3 Nf6 5. Nbd2 h6 6. Qa4 e6 7. Ne5 Bd6 8. e3
a6 9. Bd3 O-O 10. O-O Be7 11. Nb3 Nxe5 12. Bxe5 Nd7 13. Na5 Nb6 14. Qc2 Bd6 15.
Nxb7 Qe7 16. b4 Bxe5 17. dxe5 g6 18. Nc5 Qg5 19. a4 Bh3 20. f4 Qg4 21. Rf3 Bxg2
22. Qxg2 Qh4 23. Bxa6 Qe7 24. a5 Nd7 25. Bb7 Ra7 26. Nxd7 Qxd7 27. a6 Qb5 28.
Rh3 Kg7 29. e4 d4 30. Rxh6 Kxh6 31. Qg5+ Kg7 32. f5 exf5 33. exf5 Qxe5 34. Rf1
Qe3+ 35. Qxe3 dxe3 36. f6+ Kh6 37. Bf3 Rxa6 38. h4 Rd8 39. Be2 Rd2 40. Bxa6 Rc2
41. Bc4 g5 42. Bxf7 Rxc3 43. Be8 e2 44. Re1 gxh4 45. Rxe2 Rf3 46. f7 Rg3+ 47.
Rg2 Kg7 48. Rxg3+ hxg3 49. b5 Kf8 50. Kg2 1-0

[Event "Let's GO!"]
[Site "http://www.queenalice.com/game.php?id=303937"]
[Date "2007.11.14"]
[Round "-"]
[White "Sirius"]
[Black "JoeVanNee"]
[Result "0-1"]
[WhiteElo "1643"]
[BlackElo "1658"]

1. g3 e5 2. Bg2 Nf6 3. c4 Bc5 4. Nf3 Nc6 5. e3 O-O 6. Qc2 d6 7. Ng5 g6 8. a3 Bf5
9. e4 Nd4 10. Qd3 Bg4 11. h3 Bd7 12. b4 Bb6 13. Bb2 Ba4 14. Bxd4 Bxd4 15. Ra2 b5
16. cxb5 c5 0-1

[Event "Let's GO!"]
[Site "http://www.queenalice.com/game.php?id=303938"]
[Date "2007.11.14"]
[Round "-"]
[White "BrunoBr"]
[Black "JoeVanNee"]
[Result "1-0"]
[WhiteElo "1709"]
[BlackElo "1749"]

1. Nf3 d6 2. d4 Nf6 3. c4 Be6 4. b3 d5 5. e3 Na6 6. Nbd2 Bg4 7. Bd3 e6 8. O-O
Ne4 9. h3 Bf5 10. cxd5 exd5 11. Bb2 Nb4 12. Be2 Ng5 13. Nxg5 Qxg5 14. Nf3 Qf6
15. a3 Nc2 16. Rc1 Bd6 17. Rxc2 Bxc2 18. Qxc2 O-O 19. Bd3 g6 20. Re1 b6 21. e4
dxe4 22. Bxe4 Rae8 23. d5 Re7 24. Bxf6 Ree8 25. Qc3 1-0

[Event "Challenge"]
[Site "http://www.queenalice.com/game.php?id=307080"]
[Date "2007.11.20"]
[Round "-"]
[White "JoeVanNee"]
[Black "glasiq"]
[Result "0-1"]
[WhiteElo "1660"]
[BlackElo "1707"]

1. Nf3 d5 2. d4 c5 3. dxc5 Nc6 4. Bf4 e6 5. e3 Bxc5 6. c4 Nf6 7. Nc3 Qa5 8. Ne5
Bb4 9. Qd2 Ne4 10. Nxc6 bxc6 11. Qd4 Bxc3+ 12. bxc3 Qxc3+ 13. Qxc3 Nxc3 14. Be5
Ne4 15. Bxg7 Rg8 16. Be5 Rg5 17. f4 Rf5 18. Bd3 f6 19. Bd4 e5 20. Bxe4 dxe4 21.
Bc5 exf4 22. Bd4 c5 23. Bc3 fxe3 24. Ke2 Rf2+ 25. Kxe3 Rxg2 26. Bxf6 Rc2 27. h4
h5 28. a3 Rxc4 29. Rac1 Ra4 30. Rc3 Ba6 31. Rxc5 Rxa3+ 32. Bc3 Rc8 33. Re5+ Kd7
34. Rd1+ Bd3 35. Rd5+ Ke6 36. Re5+ Kd6 37. Bb4+ Kxe5 38. Bxa3 a5 39. Bb2+ Kd5
40. Ra1 Rc5 41. Bd4 Rb5 42. Bc3 Rb3 43. Rxa5+ Kc4 44. Bd2 Bc2+ 45. Ke2 Rh3 46.
Rxh5 Bd3+ 47. Kf2 Rf3+ 48. Kg2 Bf1+ 49. Kg1 Kd4 50. Rg5 e3 51. Be1 e2 52. h5 Bh3
53. Bf2+ Kd3 54. h6 Kd2 55. Rd5+ Kc2 56. h7 Rf8 57. Kh2 Rxf2+ 58. Kxh3 Rf8 59.
Re5 Kd2 60. Kg4 Rh8 61. Rd5+ Ke3 62. Re5+ Kf2 63. Rf5+ Kg2 64. Rg5 e1=Q 65. Kf5+
Kf3 66. Rg8 Rxh7 67. Rf8 Qe7 68. Kg6+ Qxf8 69. Kxh7 Kf4 70. Kg6 Ke4 71. Kg5 Qg7+
72. Kh5 Kf4 73. Kh4 Qh6# 0-1

[Event "AUTO-ADV-721"]
[Site "http://www.queenalice.com/game.php?id=308373"]
[Date "2007.11.22"]
[Round "1"]
[White "JoeVanNee"]
[Black "RodrigoLins"]
[Result "0-1"]
[WhiteElo "1646"]
[BlackElo "1822"]

1. d4 d5 2. Nf3 Bf5 3. e3 a6 4. Nc3 e6 5. Ne5 Bd6 6. f4 Ne7 7. g4 Be4 8. Rg1 f6
9. Nd3 Nbc6 10. Bg2 Bxd3 11. Qxd3 e5 12. Nxd5 exf4 13. exf4 O-O 14. h3 Kh8 15.
f5 Re8 16. Be3 Bg3+ 17. Kf1 Nxd5 18. Bxd5 Bh2 19. Rh1 Qxd5 20. Rxh2 Qf3+ 21. Bf2
Qxd3+ 22. cxd3 Rad8 23. Re1 Rxe1+ 24. Bxe1 Rxd4 25. Re2 Rd8 26. Bc3 h6 27. Re3
Ne5 28. Bxe5 fxe5 29. Ke2 Rd5 30. h4 Kg8 31. Re4 Kf7 32. g5 hxg5 33. hxg5 g6 34.
f6 Ke6 35. Ke3 Kf5 36. d4 exd4+ 0-1

[Event "AUTO-ADV-721"]
[Site "http://www.queenalice.com/game.php?id=308386"]
[Date "2007.11.22"]
[Round "1"]
[White "JoeVanNee"]
[Black "diego2907"]
[Result "0-1"]
[WhiteElo "1637"]
[BlackElo "1650"]

1. e4 e5 2. Nf3 d6 3. d4 Bg4 4. Be2 Nc6 5. d5 Bxf3 6. Bxf3 Na5 7. O-O h6 8. Qd3
b6 9. Na3 Be7 10. b4 Nb7 11. Nc4 Bg5 12. a4 Nf6 13. Ne3 g6 14. Qa6 Qb8 15. a5
Nd7 16. Qb5 a6 17. Qc6 bxa5 18. c3 Nd8 19. c4 Nxc6 20. dxc6 Nf6 21. b5 axb5 22.
cxb5 Qxb5 23. Bd2 O-O 24. Rfe1 Qxc6 25. Nf1 Bxd2 26. Nxd2 h5 27. h3 Qd7 28. Nc4
a4 29. Ra3 Rfb8 30. Rea1 Rb4 31. Nd2 c5 32. Be2 Nxe4 33. Nxe4 Rxe4 34. Bd3 Rd4
35. Rd1 c4 36. Bc2 Rxd1+ 37. Bxd1 d5 38. f3 d4 39. h4 d3 40. g4 hxg4 0-1

[Event "AUTO-ADV-721"]
[Site "http://www.queenalice.com/game.php?id=308387"]
[Date "2007.11.22"]
[Round "1"]
[White "diego2907"]
[Black "JoeVanNee"]
[Result "0-1"]
[WhiteElo "1622"]
[BlackElo "1647"]

1. e4 d5 2. e5 d4 3. d3 Nc6 4. f4 Bf5 5. a3 f6 6. exf6 exf6 7. g3 Nh6 8. h3 g5
9. Be2 Qd5 10. Bh5+ Bg6 11. Bf3 Qa5+ 12. Bd2 Bb4 13. Bxc6+ bxc6 14. Bxb4 Qd5 15.
Rh2 Nf5 16. Ne2 Ne3 17. Qd2 Qf3 18. Rf2 Qh1+ 19. Ng1 Qxg1+ 20. Ke2 Qxg3 21. Nc3
Bh5+ 0-1

[Event "AUTO-ADV-721"]
[Site "http://www.queenalice.com/game.php?id=308388"]
[Date "2007.11.22"]
[Round "1"]
[White "JoeVanNee"]
[Black "rob0330"]
[Result "0-1"]
[WhiteElo "1673"]
[BlackElo "1788"]

1. e4 e5 2. Nf3 Nc6 3. c4 f5 4. Nc3 Nf6 5. Bd3 Bb4 6. O-O Bxc3 7. bxc3 fxe4 8.
Be2 exf3 9. Bxf3 Ne7 10. d4 exd4 11. cxd4 O-O 12. Qd3 d6 13. d5 Bf5 14. Qe3 Qd7
15. h3 Rae8 16. Qxa7 b6 17. Qa3 Bxh3 18. Bf4 Bxg2 19. Bxg2 Qg4 20. Rae1 Qxf4 21.
Qh3 Qg5 22. f4 Qg6 23. Kf2 Nh5 24. Ke3 Nxd5+ 25. Kd4 Ndxf4 26. Be4 Nxh3 27. Bxg6
Rxe1 28. Rxe1 hxg6 29. Kd5 g5 30. Kc6 Rf7 31. Re8+ Kh7 32. Rc8 g4 33. Rxc7 Rxc7+
34. Kxc7 g3 35. a4 g2 36. Kxd6 g1=Q 37. c5 Qxc5+ 38. Kd7 Nf6+ 39. Ke6 Ng5# 0-1

[Event "AUTO-ADV-721"]
[Site "http://www.queenalice.com/game.php?id=308389"]
[Date "2007.11.22"]
[Round "1"]
[White "rob0330"]
[Black "JoeVanNee"]
[Result "1-0"]
[WhiteElo "1761"]
[BlackElo "1697"]

1. c4 d5 2. Nc3 Nf6 3. d4 dxc4 4. e4 e6 5. Bxc4 Bb4 6. Bg5 O-O 7. e5 h6 8. Bxf6
gxf6 9. exf6 Qxf6 10. Ne2 c5 11. O-O Nc6 12. Ne4 Qe7 13. Nf4 e5 14. Nd5 Qh4 15.
Nef6+ Kg7 16. Nh5+ Kh8 17. Ndf6 Be6 18. Qd3 exd4 19. Qh7# 1-0

[Event "Challenge"]
[Site "http://www.queenalice.com/game.php?id=308730"]
[Date "2007.11.23"]
[Round "-"]
[White "elche"]
[Black "JoeVanNee"]
[Result "1-0"]
[WhiteElo "1708"]
[BlackElo "1677"]

1. e4 e5 2. Nf3 Nc6 3. Bc4 Nf6 4. O-O d5 5. exd5 Nxd5 6. d4 e4 7. Re1 Bb4 8.
Rxe4+ Be6 9. c3 Ba5 10. Bxd5 Qxd5 11. Re1 O-O-O 12. Be3 h6 13. Qc2 Bg4 14. Nbd2
Rd6 15. c4 Qf5 16. Qxf5+ Bxf5 17. c5 Rg6 18. Nh4 Rf6 19. Nxf5 Rxf5 20. Re2 Re8
21. Kf1 Nb4 22. Nc4 Nc6 23. Nxa5 Nxa5 24. b4 Nc4 25. Rae1 b5 26. Kg1 c6 27. Kf1
a5 28. bxa5 Nxa5 29. a4 bxa4 30. Ra2 Nc4 31. Rxa4 Nxe3+ 32. Kg1 Re6 33. Rxe3
Rxe3 34. fxe3 g5 35. Ra2 h5 36. Rf2 Rxf2 37. Kxf2 Kd7 38. Kf3 Ke6 39. e4 f6 40.
g4 h4 41. h3 Kd7 42. Ke3 Ke6 43. Kf3 Kd7 44. e5 fxe5 45. dxe5 Ke6 46. Ke4 Kd7
47. Kf5 Ke7 48. Kxg5 Ke6 49. Kxh4 Kxe5 50. g5 Kd5 51. g6 Kxc5 52. g7 Kb4 53.
g8=R c5 54. Rc8 c4 55. Kg5 c3 56. h4 Kb3 57. h5 c2 58. h6 Kb2 59. h7 c1=Q+ 60.
Rxc1 Kxc1 61. h8=Q Kc2 62. Qh3 Kd2 63. Qf3 Kc2 64. Qe3 Kb2 65. Qd3 Ka2 66. Kf4
Kb2 67. Ke4 Ka2 68. Qh3 Kb2 69. Kd3 Kb3 70. Kd4+ Kb4 71. Qc3+ Kb5 72. Qc5+ Ka4
73. Qb6 Ka3 74. Kc3 Ka2 75. Qb2# 1-0